Participación comunitaria juvenil: miradas desde las lunas y los soles en sectores populares
Guardat en:
| Autor principal: | |
|---|---|
| Autor corporatiu: | |
| Format: | Text |
| Publicat: |
Santiago:
CEPJN
|
| Matèries: | |
| Etiquetes: |
Afegir etiqueta
Sense etiquetes, Sigues el primer a etiquetar aquest registre!
|
MARC
| LEADER | 00000 a a2200000 04500 | ||
|---|---|---|---|
| 001 | 26052 | ||
| 003 | |||
| 040 | |||
| 090 | |a 147200 | ||
| 100 | |a Duarte, Klaudio | ||
| 110 | |a Colectivo de Educación Popular Juvenil Newence | ||
| 245 | |a Participación comunitaria juvenil: miradas desde las lunas y los soles en sectores populares | ||
| 260 | |a Santiago: |b CEPJN | ||
| 300 | |a 41 p. | ||
| 300 | |b il. | ||
| 650 | |a JUVENTUD | ||
| 650 | |a PARTICIPACION COMUNITARIA | ||
| 650 | |a IDENTIDAD CULTURAL | ||
| 650 | |a ORGANIZACIONES JUVENILES | ||
| 650 | |a PARTICIPACION DE LA MUJER | ||
| 650 | |a DERECHOS CIVILES | ||
| 650 | |a GRUPOS POPULARES | ||
| 999 | |c 14894 |d 14894 | ||
